Представление документа в формате MARC21

Поле Инд. ПП Название Значение
Тип записи a
Библиографический уровень b
001 Контрольный номер RU/IS/BASE/283879329
005 Дата корректировки 20220715140334.3
008 Кодируемые данные 20081229
040 b Код языка каталог. rus
e Правила каталог. PSBO
041 0_ a Код языка текста rus
084 a Индекс другой классификации/Индекс ББК 60.561.2
100 1_ a Автор Золотухин С. А.
q Полное имя Золотухин Сергей Анатольевич
245 10 a Заглавие Переходное общество: социально-экономический аспект управления
504 a Библиография Библиогр. ссылки. - Примеч.
650 a Основная рубрика социология
a Основная рубрика экономическая социология
653 a Ключевые слова переходное общество
a Ключевые слова социальная экономика (социоэкономика)
a Ключевые слова управление экономикой
773 t Заглавие источника Вестник Московского университета. Серия 18, Социология и политология
d Дата издания источника 2008
g Прочая информация № 1. - С. 179 - 183 : схем.
w Контрольный № источника RU/IS/BASE/279889919
901 t Тип документа b